000 01180cam a2200313 a 4500
001 15801214
003 ARRUPE
005 20150129145057.0
008 090702s2008 rh a 000 0 eng
010 _a 2009319665
020 _a9780797436374
040 _aDLC
_cDLC
042 _apcc
043 _af-rh---
_af-mz---
050 0 0 _aDT2990
_b.M88 2008
100 1 _aMutambara, Agrippah,
_d1951-
_914777
245 1 0 _aChimoio attack :
_bRhodesian genocide /
_cby Agrippah Mutambara.
260 _aHarare, Zimbabwe :
_bDept. of Information and Publicity, ZANU-PF,
_cc2008.
300 _a108 p. :
_bill. ;
_c24 cm.
600 1 0 _aMutambara, Agrippah,
_d1951-
_914778
610 2 0 _aZimbabwe African National Liberation Army.
_914779
650 0 _aBombing, Aerial
_zMozambique
_zChimoio (Manica District)
_914780
650 0 _aNational liberation movements
_zZimbabwe.
_914781
651 0 _aZimbabwe
_xHistory
_yChimurenga War, 1966-1980
_vPersonal narratives.
_9267
906 _a7
_bcbc
_corigcop
_d3
_encip
_f20
_gy-gencatlg
942 _2lcc
_cMONOGRAPH
999 _c121936
_d121936